Optical imaging and aberrations (Record no. 14733)
[ view plain ]
| 000 -LEADER | |
|---|---|
| fixed length control field | 00598nam a2200193Ia 4500 |
| 003 - CONTROL NUMBER IDENTIFIER | |
| control field | IN-BaIIA |
| 008 - FIXED-LENGTH DATA ELEMENTS--GENERAL INFORMATION | |
| fixed length control field | 211028s9999 xx 000 0 eng d |
| 020 ## - INTERNATIONAL STANDARD BOOK NUMBER | |
| International Standard Book Number | 0-8194-4135-X |
| 040 ## - CATALOGING SOURCE | |
| Transcribing agency | IIA Library |
| 080 ## - UNIVERSAL DECIMAL CLASSIFICATION NUMBER | |
| Universal Decimal Classification number | 535.31 |
| Item number | MAH |
| 100 ## - MAIN ENTRY--PERSONAL NAME | |
| Personal name | Mahajan, V. N |
| 9 (RLIN) | 22202 |
| 245 #0 - TITLE STATEMENT | |
| Title | Optical imaging and aberrations |
| Remainder of title | part 2, wave diffraction optics |
| Statement of responsibility, etc. | V. N. Mahajan |
| 260 ## - PUBLICATION, DISTRIBUTION, ETC. | |
| Place of publication, distribution, etc. | Washington, D. C. |
| Name of publisher, distributor, etc. | The International Society for Optical Engineering |
| Date of publication, distribution, etc. | 2001 |
| 300 ## - PHYSICAL DESCRIPTION | |
| Extent | xxi, 450p. |
| 650 ## - SUBJECT ADDED ENTRY--TOPICAL TERM | |
| Topical term or geographic name entry element | Abberation |
| 9 (RLIN) | 26382 |
| 650 ## - SUBJECT ADDED ENTRY--TOPICAL TERM | |
| Topical term or geographic name entry element | Geometrical optics |
| 9 (RLIN) | 2023 |
| 650 ## - SUBJECT ADDED ENTRY--TOPICAL TERM | |
| Topical term or geographic name entry element | Imaging systems |
| 9 (RLIN) | 7247 |
| 942 ## - ADDED ENTRY ELEMENTS (KOHA) | |
| Koha item type | Books |
| Withdrawn status | Lost status | Damaged status | Not for loan | Home library | Current library | Shelving location | Date acquired | Total Checkouts | Total Renewals | Full call number | Barcode | Date last seen | Date last checked out | Price effective from | Koha item type |
|---|---|---|---|---|---|---|---|---|---|---|---|---|---|---|---|
| IIA Library-Bangalore | IIA Library-Bangalore | General Stacks | 09/08/2002 | 3 | 7 | 535.31/ MAH | 15655 | 26/05/2026 | 18/03/2025 | 09/08/2002 | Books |